000 00708nam a2200205Ia 4500
008 191130s1998##################000#0#eng##
020 _a9780393318579
022 _a98038745
040 _aACL
_cACL
082 _a720 SUM
100 _aSummerson, John
245 _aHeavenly mansions and other essays on architecture
_cJohn Summerson ; [with a foreword by Kent Bloomer]
260 _aNew York
_bW. W. Norton & Company
_c1998
300 _axviii, 253 p. : ill., map ; 21 cm
500 _aOriginally published: London : Cresset Press, 1949. Includes bibliographical references and index
650 _aArchitecture
990 _a54731a2cac10000c79b9e9b0117bdf88
991 _a299956
999 _c203171
_d203171